• 首页
  • 本馆介绍
  • 公告通知
  • 最新文献
  • 馆藏检索
  • 电子资源
  • 读者导购
  • 参考咨询
  • 我的图书馆
  • 登录
  • 详细信息显示
  • 放入我的书架
  • 预约/预借图书
  • 作者相关作品
  • 分类相关作品
  • 丛书相关作品
  • 出版社相关作品

书目信息

  • 表格格式
  • 工作单格式
  • 卡片格式
题名:
中学生心理与教育
    
 
作者: 李树珍 著
分册:  
出版信息: 北京   光明日报出版社  1987
页数: 206页
开本: 19cm
丛书名: 中学教育科学丛书
单 册:
中图分类: G448
科图分类:
主题词: 教育诊断 , 教育辅导
电子资源:
ISBN:
000 00716nam2 2200265 45
001 0187001727
005 20050406111739.8
010    @dCNY1.40
091    @a7263.059
100    @a19920424d1987 emky0chiy0121 ea
101 0  @achi
102    @aCN@b110000
105    @ak z 000yy
200 10 @a中学生心理与教育@Azhong xue sheng xin li yu jiao yu@f李树珍著@FLi Shu Zhen Zhu
210    @a北京@c光明日报出版社@d1987
215    @a206页@c表@d19cm
225 2  @a中学教育科学丛书
410  0 @120010@a中学教育科学丛书
606    @a教育诊断
606    @a教育辅导
690    @aG448@v3
701  0 @a李树珍@4著
801  0 @aCN@b深圳图书馆@c20040424
801  2 @aCN@bNLC@c20040424
905    @dG448@e33@f2@b201424-425
    
    中学生心理与教育/李树珍著.-北京:光明日报出版社,1987
    206页:表;19cm.-(中学教育科学丛书)
    
    
    ISBN :CNY1.40
    
●
相关链接 在E读中查询图书 在五车中查询图书 在当当中查询图书 在豆瓣中查询图书


正题名:中学生心理与教育     索取号:G448/33         预约/预借

序号 登录号 条形码 馆藏地/架位号 状态 备注
1 0201424   002005145   第四借阅区/ [索取号:G448/33] 在馆    
2 0201425   002005243   密集书库/ [索取号:G448/33] 在馆    
3 0201426   000457259   密集书库/ [索取号:G448/33] 在馆    
4 0201427   000457302   密集书库/ [索取号:G448/33] 在馆    
唐山师范学院图书馆 欢迎您!
大连网信软件有限公司© 版权所有